Pedagogía de la esperanza: un reencuentro con la pedagogía del oprimido

Uloženo v:
Podrobná bibliografie
Hlavní autor: Freire, Paulo (autor)
Médium: Kniha
Jazyk:španělština
Vydáno: Buenos Aires Siglo Veintiuno 2008
Vydání:2a. ed
Témata:
Tagy: Přidat tag
Žádné tagy, Buďte první, kdo vytvoří štítek k tomuto záznamu!

MARC

LEADER 00000cam a2200000 a 4500
001 UCH4862
003 CL-VaPUC
008 090910e20080000AG |||||||||||||||||spa|d
020 |a 9789876290012 
082 0 4 |a 370.1  |b FRE  |2 21 
100 |a Freire, Paulo  |e autor  |9 352356 
245 1 0 |a Pedagogía de la esperanza: un reencuentro con la pedagogía del oprimido 
250 |a 2a. ed 
300 |a 273 p 
942 |c BK 
945 |d 20090910 00:00:00  |a rbrito 
260 |a Buenos Aires  |b Siglo Veintiuno  |c 2008 
650 0 |a Filosofía de la educación   |9 258384 
650 0 |a Teoría de la educación   |9 309368 
650 0 |a Libertad de enseñanza   |9 311567 
650 0 |a Opresión   |9 349344 
583 |a last modification  |c 20120323 03:38:07  |k Rodrigo Vera 
999 |c 336113  |d 336111 
952 |0 0  |1 0  |4 0  |6 370_100000000000000_FRE_2008  |7 0  |8 R  |9 427057  |a BIBEDU  |b BIBEDU  |c MCIRC  |d 2019-11-22  |i 4600460  |l 4  |m 3  |o 370.1 FRE 2008  |p 4600460  |r 2023-01-13  |s 2022-04-04  |w 2019-11-22  |y BK_R  |k PSI 
952 |0 0  |1 0  |4 0  |6 370_100000000000000_FRE_2008  |7 0  |8 A  |9 427058  |a BIBGIM  |b BIBGIM  |d 2019-11-22  |i 4850335  |l 1  |m 1  |o 370.1 FRE 2008  |p 4850335  |r 2025-01-15  |s 2022-11-11  |w 2019-11-22  |y BK  |k SSL